Top 10 Greatest Movie Deaths Quiz Stats

 Plays Quiz not verified by Sporcle

Support Sporcle.
Go Orange.
Score 0/10 Timer 07:00
0 Plays Today
Death Movie % Correct
Quint is eaten by a massive shark.JAWS
95.7%
A creature bursts through John Hurt's chest.Alien
89.6%
Derek Vinyard curb-stomps a black man.American History X
70.5%
Major Toht's face melts.Raiders of the Lost Ark
63.2%
Major Kong rides a bomb into oblivion.Dr. Strangelove or: How I Learned to Stop Worrying and Love the Bomb
58.5%
A Thuggee slave gets his heart ripped out.Indiana Jones and the Temple of Doom
52.7%
A man's head is blown up by a psychic.Scanners
28.6%
Alex Murphy gets his hand blown off, shotugunned to pieces, and is shot in the head.Robocop
27%
Captain Rhodes is torn apart by zombies.Day of the Dead
20.6%
Ben Moss is cut in half by a glass door.Thir13en Ghosts
11.2%

You're not logged in!

Compare scores with friends on all Sporcle quizzes.
OR
Log In

From the Vault

Musical Instrument Cakes

by timmylemoine1

Just because the cake is musical doesn't mean that 'Happy Birthday' will be sung any more in tune.
Remove Ads.
Support Sporcle.
Get the best of Sporcle when you Go Orange. This ad-free experience offers more features, more stats, and more fun while also helping to support Sporcle. Thank you for becoming a member.

Show Comments

Extras

Top Quizzes Today


Score Distribution

Your Account Isn't Verified!

In order to create a playlist on Sporcle, you need to verify the email address you used during registration. Go to your Sporcle Settings to finish the process.

Report this User

Report this user for behavior that violates our Community Guidelines.

Details: